| 000 | 00671nam a2200193 a 4500 | ||
|---|---|---|---|
| 005 | 20240227063604.0 | ||
| 008 | 050810s2004 000 eng d | ||
| 020 | _a9703216978 | ||
| 035 | _aUPN01000141316 | ||
| 049 | _aCG | ||
| 050 | 4 |
_aF1435.3 R3 _bV3.2 |
|
| 100 | 1 | _aValverde Valdés, María del Carmen | |
| 245 | 1 | 0 |
_aBalam : _bel jaguar a través de los tiempos y los espacios del universo maya / _cMaría del Carmen Valverde. |
| 260 |
_aMéxico : _bUNAM, Instituto de Investigaciones Filológicas, Centro de Estudios Mayas, _c2004. |
||
| 300 |
_a315 p. : _bil. |
||
| 650 | 4 |
_aMayas _xReligión y mitología _915371 |
|
| 650 | 4 |
_aJAGUARES _924919 |
|
| 905 | _aLibro | ||
| 999 |
_c113463 _d113463 |
||